European Competitions Top 5 Scorers: 1997/98 - Statistics

General Stats
  • This quiz has been taken 3 times
  • The average score is 8 of 17
Answer Stats
Competitions Goals Club Nationality Player % Correct
Champions League 10 Juventus Italy Alessandro Del Piero
100%
Champions League 5 Dynamo Kyiv Ukraine Andriy Shevchenko
100%
UEFA Cup 6 Inter Brazil Ronaldo
100%
Champions League 7 Monaco France Thierry Henry
100%
Champions League 5 Manchester United England Andy Cole
67%
Champions League 6 Juventus Italy Filippo Inzaghi
67%
Cup Winners' Cup 6 Chelsea Italy Gianluca Vialli
67%
Cup Winners' Cup 6 Stuttgart Germany Fredi Bobic
33%
Cup Winners' Cup 6 Stuttgart Nigeria Jonathan Akpoborie
33%
Champions League 6 Dynamo Kyiv Ukraine Serhiy Rebrov
33%
UEFA Cup 7 Ajax Georgia Shota Arveladze
33%
UEFA Cup 7 Auxerre France Stephane Guivarc'h
33%
UEFA Cup 6 Spartak Moscow Russia Aleksandr Shirko
0%
UEFA Cup 6 Dundee United Scotland Gary McSwegan
0%
Cup Winners' Cup 8 Vicenza Italy Pasquale Luiso
0%
Cup Winners' Cup 6 Roda Belgium Peter Van Houdt
0%
UEFA Cup 6 Dundee United Scotland Robbie Winters
0%
No matching quizzes found
Score Distribution
Percent of People with Each Score
Percentile by Number Answered
Your Score History
You have not taken this quiz